000 00645nam a2200193Ii 4500
003 JO-AjNU
008 230605s9999||||xx |||||||||||||| ||und||
040 _aJO-AjNU
_bara
_erda
_cJO-AjNU
041 _aara
050 1 4 _aPJ7642.Z3 1988
100 3 _aالزوزني,
_eauthor
_920239
245 0 0 _aشرح المعلقات السبع
264 3 1 _aبيروت: مكتبة المعارف،1988
300 _a254ص
336 _atext
_btxt
_2rdacontent
337 _aunmediated
_bn
_2rdamedia
338 _avolume
_bnc
_2rdacarrier
650 4 _aالشعر العربي - تاريخ ونقد - العصر الجاهلي - المعلقات
_920240
999 _aA6824
_c10392
_d10392